| 000 | 00944nam a22002297a 4500 | ||
|---|---|---|---|
| 999 |
_c3262 _d3262 |
||
| 003 | AR-CdUCM | ||
| 008 | 190306b ||||| |||| 00| 0 spa d | ||
| 040 |
_aMUNICIPALIDAD PROVINCIAL DEL CUSCO _cBIBLIOTECA MUNICIPAL DEL CUSCO |
||
| 082 |
_a082 / _bP228 |
||
| 100 |
_aPareti, Luigi _910879 |
||
| 245 | _aHomero y la realidad histórica / | ||
| 260 |
_aMéxico, D.F : _bUnión Tip. Editorial Hispano Americana, _c1961. |
||
| 300 |
_a121 páginas ; _bFotografías, _c17 cm. |
||
| 505 | _aContenido: Modelos y fuentes de la "Iliada" y de la "Odisea" -- Los héroes, los rapsodas y su "reconstrucción histórica" -- Esquemas originarios y episodios añadidos -- Zona de operaciones y ambiente político y social reflejado por los poemas... | ||
| 650 |
_aHomero _91000 |
||
| 650 |
_aSiglo IX a.c. _910880 |
||
| 650 |
_aRealidad histórica _910881 |
||
| 650 |
_aOdisea _910882 |
||
| 650 |
_aIliada _910883 |
||
| 942 |
_2ddc _cLIBROS |
||
| 945 | _adavv | ||